00960nam a2200253 i 450000100060000000300090000600500170001500700030003200800410003510000310007624501590010725000120026626000340027830000280031250500580034070000260039870000270042470000370045170000270048874000220051585200310053799900170056895201210058559820ES-MaACL20230906164114.0t|031031s1971 sp ||||1| spa d1 aEnneccerus, Ludwig.94725010aTratado de derecho civil / cpor Ludwig Enneccerus, Theodor Kipp y Martin Wolff ; traducción con anotaciones de Blas Pérez González y José Alguer. a3ª ed. aBarcelona : bBosch, c[1971] a1 t. en 2 v. ; c25 cm.8 aContiene: T. III: Derecho de cosas / por Martin Wolff1 aKipp, Theodor.9680881 aWolff, Martin.91172591 aPérez González, Blas.9909101 aAlguer, José.9199070 aDerecho de cosas. aES-MaACLjP-1517 bR.78373 c59820d59820 00104070aATENEOMbATENEOMcDEPO2d2008-01-17eSCl0oP-1517p1062740r2023-02-23 00:00:00w2023-02-23yMONOGRAFIA